000 01604nam a2200385 i 4500
001 175060
003 ES-MaACL
005 20250622051427.0
008 101004s1984 sp a |||| |dspa d
080 _a75 Aparicio, Eduarda (064.3)
080 _a75 Gangutia, Clara (064.3)
080 _a75 González Fernández, Roberto (064.3)
080 _a75 López Arigita, Eduardo (064.3)
080 _a75 Luengo, César (064.3)
245 0 0 _aAteneo de Madrid
_b: [Sala de Exposiciones de Santa Catalina : del 15 al 31 de diciembre] /
_cEduarda Aparicio, Clara Gangutia, Roberto González Fernández, Eduardo López Arigita, César Luengo.
260 _a[Madrid :
_bAteneo de Madrid,
_c1984]
300 _a[20] p. :
_bil. ;
_c23 cm.
600 1 4 _aAparicio, Eduarda-
_vExposiciones.
_9163467
600 0 4 _aGangutia, Clara-
_xExposiciones.
_953859
600 0 4 _aGonzález Fernández, Roberto-
_xExposiciones.
_958627
600 1 4 _aLópez Arigita, Eduardo-
_vExposiciones.
_9143412
600 1 4 _aLuengo, César-
_vExposiciones.
_9143413
610 2 4 _aAteneo de Madrid-
_vExposiciones-
_y1980-1990
_91922
655 7 _2tgfbne
_9193628
_aCatálogos de exposiciones
700 1 _aAparicio, Eduarda.
_9143409
700 1 _aGangutia, Clara.
_953858
700 1 _aGonzález Fernández, Roberto.
_958626
700 1 _aLópez Arigita, Eduardo.
_9143410
700 1 _aLuengo, César.
_9143411
710 2 _aAteneo de Madrid.
_bSección de Artes Plásticas.
_91970
710 2 _aAteneo de Madrid.
_bSala de Santa Catalina.
_91964
852 _aES-MaACL
_j2257-F-24
942 _2udc
999 _c175060
_d175060